=LDR 00000nam 2200000 4500 =001 INLIS000000000005052 =005 20130612093315 =008 ***********************************Ind** =035 ##$$0010-061300000005052 =041 ##$$a Ind =082 ##$$a 328.359 8 =090 ##$$a 328.359 8, Pak d =100 ##$$a PAKPAHAN, Mukhtar =245 ##$$a DPR RI di masa Orde Baru, Mukhtar Pakpahan =260 ##$$a 1994 $b Jakarta =300 ##$$a 223 hlm, 21 cm =650 ##$$a Dewan Perwakilan Rakyat =650 ##$$a RI =850 ##$$a NBPNMAT